Online Catalogue and eLibrary

Words of Power: (Record no. 759)

MARC details
000 -LEADER
fixed length control field 00439nam a2200169Ia 4500
005 - DATE AND TIME OF LATEST TRANSACTION
control field 20250319011851.0
008 - FIXED-LENGTH DATA ELEMENTS--GENERAL INFORMATION
fixed length control field 240331s9999 xx 000 0 und d
020 ## - INTERNATIONAL STANDARD BOOK NUMBER
ISBN 0415902002
082 ## - DDC Classification
Class No. 160
Item Number - Author Mark NYE
DDC Edition Number 3795
100 ## - MAIN ENTRY--PERSONAL NAME
Personal name Nye, A
245 #0 - TITLE STATEMENT
Title Words of Power:
Remainder of title A Feminist Reading of the History of Logic
260 ## - PUBLICATION, DISTRIBUTION, ETC.
Place of publication, distribution, etc. London;
-- New York,
Name of publisher, distributor, etc. Routledge
Date of publication, distribution, etc. 1990
300 ## - PHYSICAL DESCRIPTION
Extent (e.g. Volumes, Pages etc.) xiii, 190 p.,
650 ## - SUBJECT ADDED ENTRY--TOPICAL TERM
Topical term or geographic name entry element Feminism
650 ## - SUBJECT ADDED ENTRY--TOPICAL TERM
Topical term or geographic name entry element History
942 ## - Koha item type (Biblio)
Koha item type Books in Stacks (Lending)
Holdings
Lost status Damaged status Collection code Home library Current library Shelving location Date acquired Full call number Accession Number Item type
    Lending WERC Library WERC Library Social Science Cupboard 03/31/2024 160 NYE 3795 Books in Stacks (Lending)

© WERC Library